LIBRARY & INFORMATION CENTRE, KCAET, TAVANUR

ONLINE PUBLIC ACCESS CATALOGUE (OPAC)

This was Sardar: The commemorative volume / (Record no. 7588)

MARC details
000 -LEADER
fixed length control field 00494cam a2200193ua 4500
041 ## - LANGUAGE CODE
Language code of text/sound track or separate title eng
082 ## - DEWEY DECIMAL CLASSIFICATION NUMBER
Classification number 923.2
Item number NAN/TH
100 ## - MAIN ENTRY--AUTHOR NAME
Personal name Nandurkar, G M.
245 ## - TITLE STATEMENT
Title This was Sardar: The commemorative volume /
250 ## - EDITION STATEMENT
Edition statement 1 /
260 ## - PUBLICATION, DISTRIBUTION, ETC. (IMPRINT)
Place of publication :
Name of publisher Sardar Vallab Bhai Patel Smaraka Bhavan ,
Year of publication 1974.
300 ## - PHYSICAL DESCRIPTION
Number of Pages 464 ; .
500 ## - GENERAL NOTE
General note **Reference
942 ## - ADDED ENTRY ELEMENTS (KOHA)
Koha item type Books
Holdings
Withdrawn status Lost status Damaged status Home library Current library Date acquired Full call number Accession Number Koha item type
      KAUAET KAUAET 07/04/2012 923.2 13529 Reference
free website counter